000
00325nam a2200133Ia 4500
008
100328s9999 xx 000 0 und d
082
_b
67962
100
_a
Howard Linda.
245
_a
Drop Dead Gorgeous.
260
_b
Ballantine Books.
630
_a
Drop Dead Gorgeous.
730
_a
Drop Dead Gorgeous.
942
_c
BOOK
999
_c
553701
_d
553698